000 00367nam a2200169Ia 4500
100 _aMyrrhy/W.J. ed
650 _aChemistry
490 _vII
942 _cBK
654 _aChemical Processes
245 _aModern Chemical Processes
260 _bAsia publishing house
_aBombay
_c1961
082 _a660
_bAcs
300 _a299
546 _aENGLISH
999 _c33805
_d33805